Catálogo público

Caution regarding the use of DDT on citrus / (Record no. 202284)

MARC details
000 -CABECERA
campo de control de longitud fija 00836nam a2200301Ia 4500
001 - NÚMERO DE CONTROL
campo de control Para_3684
003 - IDENTIFICADOR DEL NÚMERO DE CONTROL
campo de control CHAP
008 - DATOS DE LONGITUD FIJA--INFORMACIÓN GENERAL
campo de control de longitud fija 220125s1945 xx 000 0 und d
010 ## - NÚMERO DE CONTROL DE LA BIBLIOTECA DEL CONGRESO
Número de control de LC 202284
040 ## - FUENTE DE LA CATALOGACIÓN
Centro/agencia transcriptor CHAP
082 ## - NÚMERO DE LA CLASIFICACIÓN DECIMAL DEWEY
Número de clasificación PA-C 632.951 S67
100 ## - ENTRADA PRINCIPAL--NOMBRE DE PERSONA
Nombre de persona Boyce, A. M
9 (RLIN) 14867
245 ## - MENCIÓN DE TÍTULO
Título Caution regarding the use of DDT on citrus /
Mención de responsabilidad, etc. A. M. Boyce
260 ## - PUBLICACIÓN, DISTRIBUCIÓN, ETC.
Lugar de publicación, distribución, etc. Riverside, Calif. :
Nombre del editor, distribuidor, etc. University of California
300 ## - DESCRIPCIÓN FÍSICA
Extensión 2 h.
440 ## - MENCIÓN DE SERIE/PUNTO DE ACCESO ADICIONAL--TÍTULO
Título News letter; 24
9 (RLIN) 167382
500 ## - NOTA GENERAL
Nota general Encuadernado con impresos similares
650 ## - PUNTO DE ACCESO ADICIONAL DE MATERIA--TÉRMINO DE MATERIA
Término de materia o nombre geográfico como elemento de entrada Cítricos
9 (RLIN) 24392
650 ## - PUNTO DE ACCESO ADICIONAL DE MATERIA--TÉRMINO DE MATERIA
Término de materia o nombre geográfico como elemento de entrada DDT. (Insectida)
9 (RLIN) 164844
650 ## - PUNTO DE ACCESO ADICIONAL DE MATERIA--TÉRMINO DE MATERIA
Término de materia o nombre geográfico como elemento de entrada Insecticidas
9 (RLIN) 58855
901 ## - ELEMENTOS DE DATOS A LOCAL LDA (RLIN)
a PA-C 632.951 S67
902 ## - ELEMENTOS DE DATOS B LOCAL, LDB (RLIN)
a A
905 ## - ELEMENTOS DE DATOS E LOCAL, LDE (RLIN)
a 0000001945 RIV 0000000000 00
910 ## - DATOS DE OPCIÓN DEL USUARIO (OCLC)
Datos de opción del usuario 1945
942 ## - ELEMENTOS DE PUNTO DE ACCESO ADICIONAL (KOHA)
Tipo de ítem Koha Parasitologia_
942 ## - ELEMENTOS DE PUNTO DE ACCESO ADICIONAL (KOHA)
Tipo de ítem Koha Parasitologia_
-- 1
Holdings
Estado de retiro Estado de pérdida Fuente del sistema de clasificación o colocación Estado dañado Restricciones de uso No para préstamo Código de colección Localización permanente Ubicación/localización actual Ubicación en estantería Fecha de adquisición Información codificada de la localización en otra ubicación Total de préstamos Código de barras Fecha visto por última vez Precio válido a partir de Tipo de ítem Koha Nota pública
    Dewey Decimal Classification   Préstamo interno   Consulta Parasitologia Agricola Parasitologia Agricola   27/10/2005 PARA   PA_1059-23 25/01/2022 25/01/2022 Libro 3